000 00296nam a22001337a 4500
008 171025b xxu||||| |||| 00| 0 eng d
020 _a9780073331218
041 _aeng
080 _27TH
_a331
100 _a55
101 _aSTA
245 _aELEMENTARY STATISTICS
_cBLUMAN,A.G
942 _2udc
_cBK
999 _c35943
_d35943